| Tag |
First Indicator |
Second Indicator |
Subfields |
| LEADER |
00000cam a2200000 i 4500 |
| 001 |
in00000660913 |
| 005 |
20151015100152.0 |
| 008 |
791213s1980 utua b 00110 eng |
| 010 |
|
|
|a 79026676
|
| 020 |
|
|
|a 0842517081 :
|c $15.95
|
| 035 |
|
|
|a (OCoLC)05846541
|
| 035 |
|
|
|9 ACZ1047AM
|
| 040 |
|
|
|a DLC
|c DLC
|d TXA
|d UtOrBLW
|
| 049 |
|
|
|a TXAM
|c [1478981]
|
| 050 |
0 |
0 |
|a SB193
|b .V28 1980
|
| 082 |
0 |
|
|a 633.2/02
|2 19
|
| 100 |
1 |
|
|a Vallentine, John F.
|
| 245 |
1 |
0 |
|a Range development and improvements /
|c John F. Vallentine.
|
| 250 |
|
|
|a 2d ed.
|
| 264 |
|
1 |
|a Provo, Utah :
|b Brigham Young University Press,
|c 1980.
|
| 300 |
|
|
|a ix, 545 pages :
|b illustrations ;
|c 24 cm.
|
| 336 |
|
|
|a text
|b txt
|2 rdacontent
|
| 337 |
|
|
|a unmediated
|b n
|2 rdamedia
|
| 338 |
|
|
|a volume
|b nc
|2 rdacarrier
|
| 504 |
|
|
|a Includes bibliographies and indexes.
|
| 650 |
|
0 |
|a Range management.
|
| 650 |
|
0 |
|a Pastures.
|
| 999 |
|
|
|a MARS
|
| 999 |
f |
f |
|s a557069d-73cb-3650-92ed-63889bf8e096
|i 14ad119f-5552-31e3-be1c-4f31e0b2307c
|t 0
|
| 952 |
f |
f |
|p ric
|a Texas A&M University
|b Rellis Campus
|c Joint Library Facility
|s JLF
|d Remote Storage
|t 0
|e SB193 .V28 1980
|h Library of Congress classification
|i unmediated -- volume
|m A14805196243
|
| 998 |
f |
f |
|a SB193 .V28 1980
|t 0
|l Remote Storage
|